| 000 | 00554nam a2200121Ia 4500 | ||
|---|---|---|---|
| 008 | 220620s9999||||xx |||||||||||||| ||und|| | ||
| 100 | _aCernison, Matteo | ||
| 245 | 0 | _aSocial Media Activism: Water as a Common Good | |
| 546 | _aEnglish[eng] | ||
| 650 | _aThe arts: general issues||Electronic, holographic & video art | ||
| 856 | _uhttps://library.oapen.org/bitstream/20.500.12657/24435/1/1005680.pdf||https://library.oapen.org/bitstream/20.500.12657/24435/1/1005680.pdf||https://library.oapen.org/bitstream/20.500.12657/24435/1/1005680.pdf | ||
| 942 | _cEB | ||
| 999 |
_c23125 _d23125 |
||